[Event "Benimodo Igualtat"]
[Site "Benimodo"]
[Date "2018.08.18"]
[Round "7.4"]
[White "Chernikov, Vladimir"]
[Black "Rubio Tent, Pedro"]
[Result "1-0"]
[WhiteElo "2150"]
[BlackElo "1724"]
[PlyCount "103"]
[EventDate "2018.08.14"]
[EventType "swiss"]
[EventRounds "7"]
[EventCountry "ESP"]
[SourceTitle "EXT 2024"]
[Source "ChessBase"]
[SourceDate "2023.10.10"]
[SourceVersion "1"]
[SourceVersionDate "2023.10.10"]
[SourceQuality "1"]

1. Nf3 f5 2. b3 Nf6 3. Bb2 g6 4. Bxf6 exf6 5. c4 d6 6. Nc3 Bg7 7. g3 0-0 8. Bg2 Nc6 9. d4 Bd7 10. e3 Qc8 11. h4 f4 12. gxf4 Bg4 13. Qd3 Nb4 14. Qd2 c5 15. Nb5 Qc6 16. d5 Qd7 17. a3 Na6 18. Nh2 Rfe8 19. 0-0 Red8 20. Rae1 Bh3 21. Qe2 Bxg2 22. Kxg2 Nc7 23. Nxc7 Qxc7 24. Nf3 Qd7 25. Kh2 Qg4 26. Rg1 Qh5 27. Rg3 Re8 28. Qd3 Re7 29. Reg1 Rae8 30. Kg2 Re4 31. b4 Qf5 32. Nd2 R4e5 33. Qxf5 Rxf5 34. bxc5 dxc5 35. Kf3 Rh5 36. Rh3 Rf8 37. Ne4 b6 38. Ng3 Rh6 39. Rhh1 f5 40. a4 Kh8 41. Rb1 Bf6 42. h5 Bd8 43. hxg6 Rxg6 44. Rh5 Rgf6 45. Rbh1 R8f7 46. Ne2 Re7 47. Nc1 Rff7 48. Nd3 Bc7 49. Rh6 Re4 50. d6 Bd8 51. Ne5 Rg7 52. Nc6 1-0

[Event "Sueca op 2nd"]
[Site "Sueca"]
[Date "2016.07.29"]
[Round "6.22"]
[White "Oltra Landete, Fidel"]
[Black "Rubio Tent, Pedro"]
[Result "1-0"]
[WhiteElo "1908"]
[BlackElo "1711"]
[PlyCount "63"]
[EventDate "2016.07.25"]
[EventType "swiss"]
[EventRounds "8"]
[EventCountry "ESP"]
[SourceTitle "EXT 2024"]
[Source "ChessBase"]
[SourceDate "2023.10.10"]
[SourceVersion "1"]
[SourceVersionDate "2023.10.10"]
[SourceQuality "1"]

1. d4 f5 2. Nc3 Nf6 3. Bg5 g6 4. Nf3 Bg7 5. Qd2 d6 6. 0-0-0 c6 7. h3 b5 8. Bh6 0-0 9. Bxg7 Kxg7 10. g4 a5 11. Bg2 a4 12. gxf5 Bxf5 13. Nh4 Bd7 14. e4 b4 15. e5 Nh5 16. Ne4 b3 17. a3 Rf4 18. e6 Be8 19. Bf3 Rxh4 20. Qg5 Rf4 21. Bxh5 Rxe4 22. Bg4 bxc2 23. Rd2 Ra5 24. Qh4 Qb6 25. Qxe7+ Kh6 26. Qf8+ Kg5 27. f3 Rxg4 28. Qe7+ Kf4 29. fxg4 Rb5 30. Qxd6+ Ke3 31. Re1+ Kf3 32. Rd3+ 1-0

[Event "Sueca op 2nd"]
[Site "Sueca"]
[Date "2016.07.27"]
[Round "3.21"]
[White "Martinez Clari, Joan"]
[Black "Rubio Tent, Pedro"]
[Result "1-0"]
[WhiteElo "1942"]
[BlackElo "1711"]
[PlyCount "53"]
[EventDate "2016.07.25"]
[EventType "swiss"]
[EventRounds "8"]
[EventCountry "ESP"]
[SourceTitle "EXT 2024"]
[Source "ChessBase"]
[SourceDate "2023.10.10"]
[SourceVersion "1"]
[SourceVersionDate "2023.10.10"]
[SourceQuality "1"]

1. Nf3 f5 2. c4 Nf6 3. Nc3 g6 4. g3 Bg7 5. Bg2 d6 6. d4 0-0 7. 0-0 c6 8. d5 e5 9. dxe6 Bxe6 10. Qd3 Na6 11. Rd1 Kh8 12. Bf4 Ne8 13. Be5 dxe5 14. Qxd8 Rxd8 15. Rxd8 Bf6 16. Rd2 Bxc4 17. e4 f4 18. Bf1 Be6 19. Bxa6 bxa6 20. Kg2 Bg4 21. h3 Be6 22. g4 g5 23. Na4 h5 24. Nc5 Bc8 25. Nd7 hxg4 26. hxg4 Kg7 27. Nxf8 1-0

[Event "Sueca op 2nd"]
[Site "Sueca"]
[Date "2016.07.25"]
[Round "1.10"]
[White "Rubio Tent, Pedro"]
[Black "Montalban Galvez, Antonio"]
[Result "0-1"]
[WhiteElo "1711"]
[BlackElo "2218"]
[PlyCount "78"]
[EventDate "2016.07.25"]
[EventType "swiss"]
[EventRounds "8"]
[EventCountry "ESP"]
[SourceTitle "EXT 2024"]
[Source "ChessBase"]
[SourceDate "2023.10.10"]
[SourceVersion "1"]
[SourceVersionDate "2023.10.10"]
[SourceQuality "1"]

1. e4 c5 2. Nf3 e6 3. d4 cxd4 4. Nxd4 a6 5. Be2 Nf6 6. Nc3 Bb4 7. e5 Ne4 8. Qd3 Qa5 9. Bd2 Nxd2 10. Qxd2 Qxe5 11. 0-0 Nc6 12. Rad1 Nxd4 13. Qxd4 Qxd4 14. Rxd4 Be7 15. Bf3 Rb8 16. Re1 b5 17. Ne4 Rb6 18. Rd3 0-0 19. Nc3 Bf6 20. b3 d5 21. Nd1 Bb7 22. Ne3 b4 23. Ng4 Rc8 24. Nxf6+ gxf6 25. Rc1 Rbc6 26. Rd2 Rc3 27. Kf1 a5 28. Be2 R8c5 29. Ke1 Kg7 30. Kd1 e5 31. Bf3 f5 32. Ra1 Bc6 33. a3 bxa3 34. Rxa3 e4 35. Be2 Kf6 36. Kc1 Ke5 37. Kb2 d4 38. Bc4 f4 39. Ra4 Bxa4 0-1

[Event "Alzira op 2nd"]
[Site "Alzira"]
[Date "2015.08.21"]
[Round "1"]
[White "Rubio Tent, Pedro"]
[Black "Penades Ordaz, Victor"]
[Result "0-1"]
[WhiteElo "1665"]
[BlackElo "2096"]
[PlyCount "78"]
[EventDate "2015.08.21"]
[EventType "swiss"]
[EventRounds "7"]
[EventCountry "ESP"]
[SourceTitle "EXT 2016"]
[Source "ChessBase"]
[SourceDate "2015.10.08"]
[SourceVersion "1"]
[SourceVersionDate "2015.10.08"]
[SourceQuality "1"]

1. e4 c5 2. Nf3 Nc6 3. d4 cxd4 4. Nxd4 g6 5. Nc3 Bg7 6. Nb3 Nf6 7. Bc4 Na5 8. Be2 0-0 9. 0-0 d6 10. Re1 Nxb3 11. axb3 Be6 12. Bf1 a6 13. h3 Rc8 14. Qf3 Nd7 15. e5 d5 16. Nxd5 Nxe5 17. Rxe5 Bxe5 18. Nc3 Bxc3 19. bxc3 Qd5 20. Qxd5 Bxd5 21. Bb2 Rfd8 22. Bd3 Bxb3 23. Bxg6 hxg6 24. cxb3 Rd2 25. Ba3 Rc7 26. Re1 Kf8 27. g3 Rd3 28. Bb2 Rd2 29. Ba3 Ra2 30. Bc1 Rxc3 31. Bh6+ Ke8 32. Bg5 Rc7 33. Bf4 Rd7 34. Rc1 f6 35. Rc8+ Kf7 36. Bh6 g5 37. h4 Ra1+ 38. Kg2 g4 39. h5 Rdd1 0-1

[Event "Sueca op 1st"]
[Site "Sueca"]
[Date "2015.08.01"]
[Round "6"]
[White "Rubio Tent, Pedro"]
[Black "Dominguez Gandia, Jose Miguel"]
[Result "1-0"]
[WhiteElo "1665"]
[BlackElo "1521"]
[PlyCount "33"]
[EventDate "2015.07.27"]
[EventType "swiss"]
[EventRounds "8"]
[EventCountry "ESP"]
[SourceTitle "EXT 2016"]
[Source "ChessBase"]
[SourceDate "2015.10.08"]
[SourceVersion "1"]
[SourceVersionDate "2015.10.08"]
[SourceQuality "1"]

1. e4 e5 2. Nf3 Nc6 3. Bb5 d6 4. d4 exd4 5. Nxd4 Nge7 6. Bg5 f6 7. Be3 g6 8. Nxc6 bxc6 9. Ba4 a5 10. Nc3 Be6 11. Nd5 Bd7 12. Nxf6+ Kf7 13. Qf3 Kg7 14. Bd4 c5 15. Nxd7+ Kh6 16. Qh3+ Kg5 17. Bf6+ 1-0

[Event "Sueca op 1st"]
[Site "Sueca"]
[Date "2015.07.29"]
[Round "3"]
[White "Rubio Tent, Pedro"]
[Black "Valdenebro Orihuel, Miguel"]
[Result "1-0"]
[WhiteElo "1665"]
[BlackElo "1951"]
[PlyCount "55"]
[EventDate "2015.07.27"]
[EventType "swiss"]
[EventRounds "8"]
[EventCountry "ESP"]
[SourceTitle "EXT 2016"]
[Source "ChessBase"]
[SourceDate "2015.10.08"]
[SourceVersion "1"]
[SourceVersionDate "2015.10.08"]
[SourceQuality "1"]

1. e4 c6 2. d4 d5 3. Nc3 e6 4. Nf3 Bb4 5. exd5 exd5 6. Bd2 Nf6 7. Bd3 0-0 8. 0-0 Bg4 9. Re1 Qc7 10. a3 Bd6 11. h3 Bh5 12. Bg5 Nbd7 13. Qd2 Bxf3 14. gxf3 h6 15. Be3 Nh7 16. Kh1 f5 17. Bxh6 gxh6 18. Qxh6 Ndf6 19. Bxf5 Bf4 20. Qh4 Kh8 21. Bxh7 Nxh7 22. Re7 Qxe7 23. Qxe7 Ng5 24. Rg1 Rae8 25. Qxb7 Rf7 26. Qxc6 Re6 27. Qc8+ Kh7 28. Rxg5 1-0

[Event "Sueca op 1st"]
[Site "Sueca"]
[Date "2015.07.27"]
[Round "1"]
[White "Rubio Tent, Pedro"]
[Black "Fos Santacreu, Juan Andres"]
[Result "0-1"]
[WhiteElo "1665"]
[BlackElo "2286"]
[PlyCount "106"]
[EventDate "2015.07.27"]
[EventType "swiss"]
[EventRounds "8"]
[EventCountry "ESP"]
[SourceTitle "EXT 2016"]
[Source "ChessBase"]
[SourceDate "2015.10.08"]
[SourceVersion "1"]
[SourceVersionDate "2015.10.08"]
[SourceQuality "1"]

1. e4 c6 2. d4 d5 3. Nc3 dxe4 4. Nxe4 Nf6 5. Ng3 Bg4 6. Be2 Bxe2 7. N1xe2 e6 8. 0-0 Bd6 9. Bf4 Be7 10. Nc3 Nbd7 11. Nce4 Nb6 12. Nxf6+ Bxf6 13. c3 g6 14. Bh6 Qd5 15. Re1 0-0-0 16. Ne4 Be7 17. Qc1 Nd7 18. Qf4 f6 19. Qh4 Rhg8 20. Bf4 h5 21. Qg3 h4 22. Qxh4 g5 23. Qh7 Rde8 24. Bd2 f5 25. Ng3 Nf6 26. Qf7 Bd8 27. Re5 Qd6 28. Rae1 Rgf8 29. Rxe6 Qd5 30. Qg7 Rxe6 31. Rxe6 Qxe6 32. Qxf8 f4 33. Nf1 Qe2 34. f3 Qe6 35. Qa3 a6 36. Qb3 Qf5 37. Qd1 Bb6 38. Be1 g4 39. Bh4 gxf3 40. Qxf3 Ng4 41. Qe2 Kb8 42. h3 Ne3 43. Bf2 Nxf1 44. Qxf1 Qc2 45. Qa1 Bc7 46. a4 f3 47. g3 b6 48. Qa3 Kb7 49. Qf8 Qd1+ 50. Kh2 Qe2 51. Kg1 Bxg3 52. Qg7+ Bc7 53. b4 Qd1+ 0-1

[Event "Alzira op 4th"]
[Site "Alzira"]
[Date "2014.12.27"]
[Round "1"]
[White "Rubio Tent, Pedro"]
[Black "Reig Albero, Ferran"]
[Result "0-1"]
[WhiteElo "1666"]
[BlackElo "2100"]
[PlyCount "44"]
[EventDate "2014.12.27"]
[EventType "swiss"]
[EventRounds "7"]
[EventCountry "ESP"]
[SourceTitle "CBM 164 Extra"]
[Source "ChessBase"]
[SourceDate "2015.03.02"]
[SourceVersion "1"]
[SourceVersionDate "2015.03.02"]
[SourceQuality "1"]

1. e4 d6 2. d4 Nf6 3. Nc3 g6 4. f4 Bg7 5. Nf3 0-0 6. Bc4 Nxe4 7. Bxf7+ Rxf7 8. Nxe4 d5 9. Ng3 c5 10. c3 cxd4 11. Nxd4 e5 12. fxe5 Bxe5 13. Nge2 Qh4+ 14. g3 Qe4 15. Rf1 Rxf1+ 16. Kxf1 Qh1+ 17. Ng1 Bh3+ 18. Ke2 Qxh2+ 19. Ke3 Qxg3+ 20. Ndf3 Bf4+ 21. Kd4 Nc6+ 22. Kxd5 Rd8+ 0-1

[Event "Alzira-ch Provincial Primera"]
[Site "Alzira"]
[Date "2014.11.15"]
[Round "6.5"]
[White "Pascual Rubio, Josep"]
[Black "Rubio Tent, Pedro"]
[Result "0-1"]
[WhiteElo "1410"]
[BlackElo "1575"]
[PlyCount "120"]
[EventDate "2014.09.27"]
[EventType "swiss"]
[EventRounds "7"]
[EventCountry "ESP"]
[SourceTitle "EXT 2024"]
[Source "ChessBase"]
[SourceDate "2023.10.10"]
[SourceVersion "1"]
[SourceVersionDate "2023.10.10"]
[SourceQuality "1"]

1. Nf3 f5 2. g3 Nf6 3. Bg2 g6 4. 0-0 Bg7 5. c4 d6 6. d4 c6 7. Nc3 0-0 8. Qb3 Qe8 9. h3 e5 10. dxe5 dxe5 11. c5+ Kh8 12. Be3 Na6 13. Nd2 Nd7 14. Nc4 Ndxc5 15. Qa3 Ne6 16. Nd6 Qd7 17. Rad1 Qc7 18. Nxc8 Qxc8 19. Qe7 Bf6 20. Qd7 Qxd7 21. Rxd7 Nac5 22. Bxc5 Nxc5 23. Rd2 Rad8 24. Rfd1 Rxd2 25. Rxd2 Rd8 26. Rxd8+ Bxd8 27. b4 Ne6 28. e3 e4 29. Ne2 Be7 30. b5 cxb5 31. Nc3 b4 32. Nd5 Bd6 33. Bf1 a5 34. Bc4 Nc5 35. Nf6 Be5 36. Nd5 Nd3 37. Nb6 Nb2 38. Bd5 Bc7 39. Nc4 Nxc4 40. Bxc4 a4 41. Kf1 Be5 42. Ke2 b5 43. Bd5 Bc3 44. Be6 Kg7 45. Bd5 Kf6 46. Bg8 h6 47. Bd5 Ke5 48. Bf7 g5 49. f4+ exf3+ 50. Kxf3 Kf6 51. Bg8 h5 52. g4 fxg4+ 53. hxg4 h4 54. e4 b3 55. axb3 a3 56. b4 Bxb4 57. Bd5 Bd6 58. Bg8 Ke5 59. Bd5 Kd4 60. Bg8 Kc3 0-1

[Event "Alzira-ch Provincial Primera"]
[Site "Alzira"]
[Date "2014.09.27"]
[Round "1.3"]
[White "Perez Mas, Jose Manuel"]
[Black "Rubio Tent, Pedro"]
[Result "1-0"]
[WhiteElo "1825"]
[BlackElo "1575"]
[PlyCount "47"]
[EventDate "2014.09.27"]
[EventType "swiss"]
[EventRounds "7"]
[EventCountry "ESP"]
[SourceTitle "EXT 2024"]
[Source "ChessBase"]
[SourceDate "2023.10.10"]
[SourceVersion "1"]
[SourceVersionDate "2023.10.10"]
[SourceQuality "1"]

1. e4 c5 2. Nf3 Nc6 3. d4 cxd4 4. Nxd4 Nf6 5. Nc3 e5 6. Ndb5 d6 7. Bg5 a6 8. Bxf6 gxf6 9. Na3 b5 10. Nd5 Be6 11. c3 Bh6 12. Nc2 Rg8 13. Nce3 Rb8 14. Qf3 Rg6 15. Bd3 b4 16. 0-0 bxc3 17. bxc3 a5 18. Rab1 Rxb1 19. Rxb1 Ne7 20. Nxf6+ Kf8 21. Nfd5 Nxd5 22. exd5 Rf6 23. Qe4 Rg6 24. dxe6 1-0

[Event "Provincial-ch Xativa Primera"]
[Site "Xativa"]
[Date "2012.11.24"]
[Round "7"]
[White "Rubio Tent, Pedro"]
[Black "Garcia Martinez, Vicente"]
[Result "1-0"]
[WhiteElo "1510"]
[BlackElo "1600"]
[PlyCount "67"]
[EventDate "2012.10.06"]
[EventType "swiss"]
[EventRounds "7"]
[EventCountry "ESP"]
[SourceTitle "EXT 2024"]
[Source "ChessBase"]
[SourceDate "2023.10.10"]
[SourceVersion "1"]
[SourceVersionDate "2023.10.10"]
[SourceQuality "1"]

1. e4 e5 2. Nf3 Nc6 3. Bb5 a6 4. Ba4 Nf6 5. d3 b5 6. Bb3 d6 7. c3 Be7 8. 0-0 Bg4 9. h3 Bd7 10. Re1 0-0 11. Nbd2 Qc8 12. Nf1 Na5 13. Bc2 c5 14. Ng3 Nc6 15. Bg5 Ne8 16. Bxe7 Nxe7 17. d4 cxd4 18. cxd4 f6 19. Bb3+ Be6 20. Rc1 Qd7 21. dxe5 Bxb3 22. Qxb3+ Kh8 23. Red1 Rc8 24. Rxc8 Nxc8 25. exf6 Nxf6 26. e5 Ne8 27. Ng5 Qb7 28. Qc2 g6 29. e6 Ne7 30. Nf7+ Kg8 31. Qc3 Ng7 32. Ne4 Rd8 33. Nh6+ Kf8 34. Qf6+ 1-0

[Event "Provincial-ch Xativa Primera"]
[Site "Xativa"]
[Date "2012.10.27"]
[Round "3"]
[White "Ivorra Insa, Eusebio J"]
[Black "Rubio Tent, Pedro"]
[Result "0-1"]
[WhiteElo "1732"]
[BlackElo "1510"]
[PlyCount "52"]
[EventDate "2012.10.06"]
[EventType "swiss"]
[EventRounds "7"]
[EventCountry "ESP"]
[SourceTitle "EXT 2024"]
[Source "ChessBase"]
[SourceDate "2023.10.10"]
[SourceVersion "1"]
[SourceVersionDate "2023.10.10"]
[SourceQuality "1"]

1. e4 c5 2. Nf3 Nc6 3. Nc3 Nf6 4. d4 cxd4 5. Nxd4 e5 6. Nxc6 bxc6 7. Bg5 h6 8. Bh4 Be7 9. Bc4 Nxe4 10. Bxf7+ Kxf7 11. Bxe7 Nxc3 12. Qf3+ Kxe7 13. Qxc3 Qc7 14. 0-0 d6 15. f4 Rf8 16. fxe5 Rxf1+ 17. Rxf1 dxe5 18. Re1 Be6 19. Rxe5 Rf8 20. Re1 Rf6 21. Qc5+ Kf7 22. c4 Qb6 23. Qxb6 axb6 24. b3 Ke7 25. Rd1 Bg4 26. Rd2 Rd6 0-1

[Event "Provincial-ch Xativa Primera"]
[Site "Xativa"]
[Date "2012.10.20"]
[Round "2"]
[White "Rubio Tent, Pedro"]
[Black "Ferrandis Vila, Joan David"]
[Result "0-1"]
[WhiteElo "1510"]
[BlackElo "1844"]
[PlyCount "62"]
[EventDate "2012.10.06"]
[EventType "swiss"]
[EventRounds "7"]
[EventCountry "ESP"]
[SourceTitle "EXT 2024"]
[Source "ChessBase"]
[SourceDate "2023.10.10"]
[SourceVersion "1"]
[SourceVersionDate "2023.10.10"]
[SourceQuality "1"]

1. e4 d5 2. exd5 Qxd5 3. Nf3 Bg4 4. Be2 Nc6 5. d4 0-0-0 6. Be3 e5 7. Nxe5 Bxe2 8. Qxe2 Nxe5 9. dxe5 Qxg2 10. Rf1 Kb8 11. Nd2 Ne7 12. 0-0-0 Nc6 13. Rg1 Qxh2 14. Nf3 Rxd1+ 15. Rxd1 Qh5 16. Qd3 Be7 17. Qc3 Rd8 18. Rxd8+ Nxd8 19. a4 b6 20. Nd2 Qh1+ 21. Nf1 Qxf1+ 22. Kd2 h5 23. a5 h4 24. axb6 axb6 25. Qb3 Qg2 26. Qa4 Qd5+ 27. Ke2 h3 28. Bf4 Qe6 29. Qe8 Qg4+ 30. Ke3 Bg5 31. Qa4 h2 0-1

[Event "Mislata-B 46th"]
[Site "Mislata"]
[Date "2012.08.16"]
[Round "6"]
[White "Rubio Tent, Pedro"]
[Black "Martinez Robles, Pablo Javier"]
[Result "1/2-1/2"]
[WhiteElo "1525"]
[BlackElo "1202"]
[PlyCount "109"]
[EventDate "2012.08.13"]
[EventType "tourn"]
[EventRounds "9"]
[EventCountry "ESP"]
[SourceTitle "EXT 2014"]
[Source "ChessBase"]
[SourceDate "2013.11.20"]
[SourceVersion "1"]
[SourceVersionDate "2013.11.20"]
[SourceQuality "1"]

1. e4 e6 2. d4 d5 3. Nc3 Nc6 4. exd5 exd5 5. Nf3 Nf6 6. Bb5 Bd7 7. 0-0 Bd6 8. Re1+ Ne7 9. Bxd7+ Qxd7 10. Bg5 0-0-0 11. Qd3 h6 12. Bxf6 gxf6 13. Nb5 c6 14. Nxd6+ Qxd6 15. Re2 Rhg8 16. Rae1 Ng6 17. Qf5+ Kb8 18. Qh3 Nf4 19. Qxh6 Nxe2+ 20. Rxe2 Rde8 21. Rxe8+ Rxe8 22. Qd2 Qe7 23. Kf1 Qe4 24. h3 Rg8 25. b3 Qg6 26. Nh4 Qg5 27. Qxg5 fxg5 28. Nf3 f6 29. Ke2 Kc7 30. Nh2 Kb6 31. Ng4 Re8+ 32. Kd3 f5 33. Ne5 Kb5 34. Kc3 Re7 35. Kb2 c5 36. Nf3 Re2 37. a4+ Kb6 38. dxc5+ Kxc5 39. Nxg5 Rxf2 40. g4 fxg4 41. hxg4 Rg2 42. Ne6+ Kd6 43. Nd8 b6 44. g5 Kd7 45. Nf7 Ke7 46. Ne5 Kd6 47. Nf7+ Ke6 48. Nd8+ Kf5 49. Nc6 a6 50. Nb8 Kxg5 51. Nxa6 d4 52. Kc1 Kf4 53. Nb4 Ke4 54. Nd3 Rg1+ 55. Kb2 1/2-1/2

[Event "Mislata-B 46th"]
[Site "Mislata"]
[Date "2012.08.14"]
[Round "2"]
[White "Rubio Tent, Pedro"]
[Black "Fernandez Garcia, Leon"]
[Result "0-1"]
[WhiteElo "1525"]
[BlackElo "1663"]
[PlyCount "42"]
[EventDate "2012.08.13"]
[EventType "tourn"]
[EventRounds "9"]
[EventCountry "ESP"]
[SourceTitle "EXT 2014"]
[Source "ChessBase"]
[SourceDate "2013.11.20"]
[SourceVersion "1"]
[SourceVersionDate "2013.11.20"]
[SourceQuality "1"]

1. e4 c5 2. Nf3 Nc6 3. d4 cxd4 4. Nxd4 g6 5. Nc3 Bg7 6. Nb3 a6 7. Be2 d6 8. 0-0 Nf6 9. Re1 0-0 10. Bf1 Re8 11. Bf4 Bd7 12. Qd2 Na5 13. e5 Nxb3 14. axb3 dxe5 15. Bxe5 Bf5 16. Rad1 Qxd2 17. Rxd2 Rad8 18. Rde2 Rd7 19. Na4 b5 20. Nc5 Ra7 21. Bf4 Nd5 0-1